00545nam a2200181Ia 4500001000900000003000500009005001700014008004100031020001800072040000900090082001400099100003100113245010000144260002200244300001100266500000800277650007800285dia_3604CHAP20251021151042.0220601s9999 xx 000 0 und d a968-24-6781-0 cCHAP a664.07 P4 aPérez Fierros, Ana Maria aLa química en el arte de cocinar, química descriptiva culinaria/Ana María Pérez Fierros aMéxico: Trillas a262 p. aC/e a1. alimentos-composicion2. Cocina3. Nutrición4. Alimentos-AnálisisÌ